Science Quiz

Random Science or Clickable Quiz

Evolution Final Exam-Part 5 Quiz Stats

 Plays Quiz not verified by Sporcle

Challenge
Share
Tweet
Embed
Score 0/33 Timer 10:00
0 Plays Today
% Correct
Environmental Shifts
83.3%
infectious Disease
83.3%
Bipedalism
66.7%
Australopithecus sediba
66.7%
Neanderthals
66.7%
Broca's Area
66.7%
Arcuate Fasciculus
66.7%
Zoonosis
66.7%
Flu
66.7%
Adaptive Immune System
66.7%
RAG1 & RAG2 (Recombination Activating Genes)
66.7%
Big Bang of Immunology
66.7%
Vaccines
66.7%
Orrorin
50%
1.7 mya
50%
1 mya
50%
Homo erectus
50%
% Correct
Denisovans
50%
FOX2p Gene
50%
EPAS1 Gene
50%
EGLN1 Gene
50%
Thrifty Genotype Hypothesis
50%
Thrifty Phenotype Hypothesis
50%
Thrifty Epigenetic Hypothesis
50%
Disease
50%
Viral Reassortment
50%
VDJ Recombination
50%
3.6-2.6 mya
33.3%
1-2 mya
33.3%
Homo neanderthalensis
33.3%
Homo sapiens idaltu
33.3%
Phylodynamics
33.3%
Ardipithecus
16.7%

You're not logged in!

Compare scores with friends on all Sporcle quizzes.
OR
Log In

You Might Also Like...

Show Comments

Extras

Created Dec 18, 2012ReportNominate
Tags:Clickable Quiz, evolution, final

Top Quizzes Today


Score Distribution

Your Account Isn't Verified!

In order to create a playlist on Sporcle, you need to verify the email address you used during registration. Go to your Sporcle Settings to finish the process.

Report this User

Report this user for behavior that violates our Community Guidelines.

Details: